Fundamentals of magnetism and electricity (Record no. 14625)

000 -LEADER
fixed length control field 00450nam a22001811 4500
001 - CONTROL NUMBER
control field 14625
003 - CONTROL NUMBER IDENTIFIER
control field BD-DhUET
008 - FIXED-LENGTH DATA ELEMENTS--GENERAL INFORMATION
fixed length control field 740123s1966 ii ac 000 0 eng
040 ## - CATALOGING SOURCE
Original cataloging agency DLC
Transcribing agency DLC
Modifying agency BD-DhUET
082 00 - DEWEY DECIMAL CLASSIFICATION NUMBER
Classification number 537
Item number VAS/1964
100 1# - MAIN ENTRY--PERSONAL NAME
Personal name Vasudeva, D. N.
245 10 - TITLE STATEMENT
Title Fundamentals of magnetism and electricity
250 ## - EDITION STATEMENT
Edition statement 1st ed.
260 ## - PUBLICATION, DISTRIBUTION, ETC. (IMPRINT)
Place of publication, distribution, etc. New Delhi
Name of publisher, distributor, etc. S. Chand
Date of publication, distribution, etc. 1964
300 ## - PHYSICAL DESCRIPTION
Extent iii, 827p.
Other physical details ill.
650 #0 - SUBJECT ADDED ENTRY--TOPICAL TERM
Topical term or geographic name as entry element Electricity
942 ## - ADDED ENTRY ELEMENTS (KOHA)
Koha item type General Book
Holdings
Koha normalized classification for sorting Price effective from Damaged status Copy number Source of classification or shelving scheme Koha date last seen Piece designation (barcode) Koha item type Shelving location Withdrawn status Lost status Location (home branch) Sublocation or collection (holding branch) Not for loan Koha full call number Date acquired
537_000000000000000_VAS_19642015-03-09 1 2015-03-0952538General BookCirculation section  Central Library, BUETCentral Library, BUET 537/VAS/19642015-03-09
537_000000000000000_VAS_19642015-03-19 2 2015-03-195745General BookCirculation section  Central Library, BUETCentral Library, BUET 537/VAS/19642015-03-19
537_000000000000000_VAS_19642015-03-19 3 2015-03-195428General BookCirculation section  Central Library, BUETCentral Library, BUET 537/VAS/19642015-03-19
537_000000000000000_VAS_19642015-04-30 4 2015-04-3011575General BookCirculation section  Central Library, BUETCentral Library, BUET 537/VAS/19642015-04-30